000 00478nam a2200181Ia 4500
008 100917s9999 xx 000 0 und d
082 _b10314
100 _aइनामदार ना. सं.
245 _aराऊ
260 _bकान्टिनेंटल प्रकाशन
_c1972
300 _a418
365 _b15
520 _aकादंबरी
630 _aराऊ
650 _aकादंबरी
730 _aराऊ
942 _cBOOK
999 _c615708
_d615705